History Quiz

Random History or Clickable Quiz
Score 0/50 Timer 10:00
0 Plays Today
% Correct
Nelson Mandela
95.5%
Vladimir Putin
95.5%
Fidel Castro
94.9%
Kim il Sung
94.9%
Margaret Thatcher
94.3%
Saddam Hussein
94.3%
Albert Einstein
93.6%
Mahatma Gandhi
93.6%
Arnold Schwarzenegger
93%
Charles de Gaulle
92.4%
Bjork
92.4%
Bono
91.7%
Giorgio Armani
91.1%
Evita Peron
91.1%
Yao Ming
91.1%
Bryan Adams
91.1%
Pope John Paul II
90.4%
Cristiano Ronaldo
90.4%
Hans Christian Andersen
90.4%
Alfred Nobel
89.8%
Ayatollah Khomeini
89.2%
Roger Federer
88.5%
Hugo Chavez
88.5%
Vincent van Gogh
88.5%
Jackie Chan
87.9%
% Correct
Natalie Portman
87.3%
Shakira
86.6%
Mustafa Kemal Ataturk
86.6%
Kylie Minogue
86.6%
Russell Crowe
86.6%
Rihanna
86.6%
Benazir Bhutto
86.6%
Mohamed Al Fayed
85.4%
Martina Navratilova
84.7%
Alexander the Great
84.7%
Novak Djokovic
83.4%
Carlos Santana
83.4%
Jean- Claude van Damme
82.8%
Kofi Annan
82.2%
Mother Teresa
80.9%
Kimi Raikkonen
80.3%
Mariano Rivera
79.6%
Edvard Munch
78.3%
Abebe Bikila
77.7%
Nicki Minaj
77.7%
Ayrton Senna
77.1%
Milla Jovovich
75.8%
Carlos Castaneda
73.2%
Yves Saint Laurent
72%
Augusto Pinochet
66.9%
Remove Ads.
Support Sporcle.
Get the best of Sporcle when you Go Orange. This ad-free experience offers more features, more stats, and more fun while also helping to support Sporcle. Thank you for becoming a member.

You're not logged in!

Compare scores with friends on all Sporcle quizzes.
OR
Log In

Show Comments

Extras

Top Quizzes Today


Score Distribution

Your Account Isn't Verified!

In order to create a playlist on Sporcle, you need to verify the email address you used during registration. Go to your Sporcle Settings to finish the process.

Report this User

Report this user for behavior that violates our Community Guidelines.

Details: